| 000 | 00832nam a22002177a 4500 | ||
|---|---|---|---|
| 999 |
_c1547 _d1547 |
||
| 003 | AR-CdUCM | ||
| 008 | 190227b ||||| |||| 00| 0 spa d | ||
| 020 | _a8430905537 | ||
| 040 |
_aMUNICIPALIDAD PROVINCIAL DEL CUSCO _cBIBLIOTECA MUNICIPAL DEL CUSCO |
||
| 082 |
_a348.6 / _bP19 |
||
| 100 |
_aPalomeque Lopez, Manuel-Carlos _95812 |
||
| 245 | _aLa nulidad parcial del contrato de trabajo / | ||
| 260 |
_aMadrid : _bTecnos , _c1975. |
||
| 300 |
_a260 páginas ; _c20 cm. |
||
| 505 | _aPrincipio de conservación del negocio jurídico -- Configuración jurídica de la noción -- La conservación jurídica de la subsanación de la ineficacia del acto... | ||
| 650 |
_aNulidad Parcial. _95813 |
||
| 650 |
_aContrato de trabajo. _95814 |
||
| 650 |
_aNulidad de contrato. _95815 |
||
| 942 |
_2ddc _cLIBROS |
||
| 945 |
_awfj _d2019-02-27 |
||